000 00406nam a2200181Ia 4500
001 9469
005 20260306161720.0
008 260306t2007||||xx |||||||||||||| ||spa||
041 _aESP
082 _a379.15
_bM84
100 _aMontes Iturrizaga, Iván
_eAUT
245 0 _aEstándares de aprendizaje
260 _c2007
300 _a
_c
650 _aGEN
654 _aCED
942 _cLIB
_dJUS
_fJUS
_2ddc
_n
999 _c9469
_d9469